Analýza kapitálovej primeranosti poisťovní diplomová práca

Gespeichert in:
Bibliographische Detailangaben
1. Verfasser: Gombošová, Miroslava
Körperschaft: Národohospodárska fakulta EU. Katedra poisťovníctva
Weitere Verfasser: Pastoráková, Erika, 1972-
Format: Buch
Sprache:Slowakisch
Veröffentlicht: Bratislava 2011
Tags: Tag hinzufügen
Keine Tags, Fügen Sie das erste Tag hinzu!

MARC

LEADER 00000nbm a2200000 4500
001 0142258
005 20161109102002.2
041 0 |a slo 
044 |a SK 
245 1 0 |a Analýza kapitálovej primeranosti poisťovní  |b diplomová práca  |c Miroslava Gombošová ; školiteľ: Erika Pastoráková 
264 1 |a Bratislava  |c 2011 
300 |a 75 s. 
100 1 |a Gombošová, Miroslava 
700 1 |a Pastoráková, Erika, 1972- 
710 2 |a Národohospodárska fakulta EU. Katedra poisťovníctva